Statistics for Formula 3 Drivers 2022

Click here to take the quiz!

General Stats

  • This quiz has been taken 27 times
  • The average score is 17 of 30

Answer Stats

TeamCarAnswer% Correct
Prema Racing4Arthur Leclerc
96%
Prema Racing6Oliver Bearman
91%
Campos Racing22Pepe Marti
91%
ART Grand Prix7Victor Martins
83%
Van Amersfoort Racing29Franco Colapinto
78%
Hitech Grand Prix18Isack Hadjar
78%
Prema Racing5Jak Crawford
78%
Trident2Roman Stanek
70%
MP Motorsport10Caio Collet
65%
ART Grand Prix8Gregoire Saucy
65%
Carlin27Brad Benavides
61%
ART Grand Prix9Juan Manuel Correa
61%
Trident3Zane Maloney
61%
MP Motorsport11Alexander Smolyar
57%
Van Amersfoort Racing30Rafael Villagomez
57%
Campos Racing21Hunter Yeany
52%
Trident1Jonny Edgar
52%
Carlin26Zak O'Sullivan
52%
MP Motorsport12Kush Maini
48%
Jenzer Motorsport25William Alatalo
48%
Jenzer Motorsport23Ido Cohen
43%
Carlin28Enzo Trulli
39%
Charouz Racing System16Francesco Pizzi
39%
Hitech Grand Prix17Kaylen Frederick
39%
Campos Racing20David Vidales
35%
Charouz Racing System14Laszlo Toth
30%
Hitech Grand Prix19Nazim Azman
30%
Jenzer Motorsport24Niko Kari
30%
Van Amersfoort Racing31Reece Ushijima
30%
Charouz Racing System15Ayrton Simmons
22%

Score Distribution

Percentile by Number Answered

Percent of People with Each Score

Your Score History

You have not taken this quiz